000 00469cam a22001934a 4500
005 20250605164321.0
008 250528s ||||||||||||||||||||||||d
035 _a22925
020 _a9780071158565
040 _aGR-AtMCL
_bgre
_dGR-AtMCL
_eAACR2
245 1 _aPRODUCTION OPERATIONS MANAGEMENT
250 _a6
260 _bIrwin Mcgraw-Hill,
_c1999
300 _a912
700 1 _aStevenson William J
_98552
942 _cBK
999 _c7968
_d7968